Представление документа в формате MARC21

ПолеНазваниеЗначение
  Тип записи a
  Библиографический уровень m
001 Контрольный номер RU/URAIT/582965
005 Дата корректировки 20260429163624.3
008 Кодируемые данные 260429s2026 RU y f j 000 0 rus u
020 Индекс ISBN __
a ISBN 978-5-534-16828-0
c Цена, тираж 1839.00
040 Источник каталогиз. __
a Служба первич. каталог. ИКО Юрайт
c Служба, преобразующая запись ИКО Юрайт
e Правила каталог. RCR
041 Код языка издания __
a Код языка текста rus
044 Код страны публикации __
a Код страны публикации RU
080 Индекс УДК __
a Индекс УДК 94(075.8)
084 Индекс другой классификации/Индекс ББК __
2 Источник индекса rubbk
a Индекс другой классификации/Индекс ББК 63.3я73
100 Автор __
a Автор Пленков О. Ю.
q Полное имя Пленков Олег Юрьевич
245 Заглавие __
a Заглавие Новейшая история стран Европы и Америки
b Продолж. заглавия учебник для вузов
c Ответственность О. Ю. Пленков.
250 Сведения об издании __
g пер. и доп
a Основные сведения об издании 3-е изд.
256 Характеристики компьютерного файла __
a Характеристики компьютерного файла Электрон. дан.
260 Выходные данные __
a Место издания Москва
b Издательство Юрайт
c Дата издания 2026
300 Физическое описание __
a Объем 347 с
440 Серия __
a Серия Высшее образование
500 Примечания __
a Примечание URL: https://urait.ru/bcode/582965 (дата обращения: 29.04.2026).
520 Аннотация __
a Аннотация В издании изложена всеобщая история нового и новейшего времени, раскрыты обстоятельства возникновения и развития главного феномена рассматриваемого периода невиданного ранее ускорения в развитии общества. Данное издание поможет будущим специалистам в изучении закономерностей развития истории в новейшее время, определять принципиальные различия отдельных периодов истории новейшего времени, выявлять их уникальность и своеобразие. Для лучшего усвоения теоретического материала каждая глава учебного издания снабжена выводами, вопросами и заданиями для самоконтроля, а также темами для рефератов.
538 Прим. о системных особенностях __
a Прим. о системных особенностях Режим доступа: Электронно-библиотечная система Юрайт, для авториз. пользователей
653 Ключевые слова __
a Ключевые слова Всемирная история
653 Ключевые слова __
a Ключевые слова Общественные науки
653 Ключевые слова __
a Ключевые слова Современная история
653 Ключевые слова __
a Ключевые слова История Новейшего времени стран Запада
653 Ключевые слова __
a Ключевые слова Новейшая история стран Европы и Америки
653 Ключевые слова __
a Ключевые слова История мировых цивилизаций - новое и новейшее время
653 Ключевые слова __
a Ключевые слова Новейшая история зарубежных стран
653 Ключевые слова __
a Ключевые слова История Новейшего времени стран Европы и Америки
653 Ключевые слова __
a Ключевые слова История Нового и Новейшего времени
653 Ключевые слова __
a Ключевые слова Всеобщая история. Новейшее время
653 Ключевые слова __
a Ключевые слова Всеобщая история. Новое и Новейшее время
653 Ключевые слова __
a Ключевые слова Новейшее время
653 Ключевые слова __
a Ключевые слова Новейшая история (1918-1960 гг.)
653 Ключевые слова __
a Ключевые слова Новейшая история (1960-2010 гг.)
856 Электронный адрес документа 40
n Местонахождение сервера Юрайт
g Электронная книга
q Тип электронного формата html
h Имя пользователя ЮРАЙТ
v Часы доступа к ресурсу 20271231
2 Способ доступа Показать документ
x Служебное примечание https://urait.ru/book/cover/5D2C90A1-01F9-4628-8F7D-B6F94185ABDD
u URL https://urait.ru/bcode/582965
856 Электронный адрес документа 48
q Тип электронного формата cover
u URL https://urait.ru/book/cover/5D2C90A1-01F9-4628-8F7D-B6F94185ABDD
911 __
u 0030=https://urait.ru/bcode/582965
911 __
u 073a=9785534168280
u 073d=1839.00
911 __
u 106a=s
911 __
u 900l=
952 Тип литературы __
i Дисциплина Современная история
952 Тип литературы __
i Дисциплина История Новейшего времени стран Запада
952 Тип литературы __
i Дисциплина Новейшая история стран Европы и Америки
952 Тип литературы __
i Дисциплина История мировых цивилизаций - новое и новейшее время
952 Тип литературы __
i Дисциплина Новейшая история зарубежных стран
952 Тип литературы __
i Дисциплина История Новейшего времени стран Европы и Америки
952 Тип литературы __
i Дисциплина История Нового и Новейшего времени
952 Тип литературы __
i Дисциплина Всеобщая история. Новейшее время
952 Тип литературы __
i Дисциплина Всеобщая история. Новое и Новейшее время
952 Тип литературы __
i Дисциплина Новейшее время
952 Тип литературы __
i Дисциплина Новейшая история (1918-1960 гг.)
952 Тип литературы __
i Дисциплина Новейшая история (1960-2010 гг.)